Sínodos de Santiago de Chile de 1688 y 1763

Zapisane w:
Opis bibliograficzny
Główni autorzy: Carrasco Saavedra, Bernardo (Autor), Alday y Aspee, Manuel de (Autor)
Format: Książka
Język:hiszpański
Wydane: Madrid Instituto Francisco Suárez 1983
Seria:Tierra Nueva e Cielo Nuevo, 9. Sínodos Americanos, 2
Hasła przedmiotowe:
Etykiety: Dodaj etykietę
Nie ma etykietki, Dołącz pierwszą etykiete!

MARC

LEADER 00000nam a2200000 a 4500
001 UCS9184
003 CL-VaPUC
008 971113e19830000SP |||||||||||||||||spa|d
082 0 4 |a 262.4  |b CAR  |2 21 
100 0 |a Carrasco Saavedra, Bernardo  |e author  |9 394196 
700 0 |a Alday y Aspee, Manuel de  |e author  |9 314098 
245 1 0 |a Sínodos de Santiago de Chile de 1688 y 1763 
300 |a 424 p 
942 |c BK 
945 |d 19971113 00:00:00  |a cmena 
260 |a Madrid  |b Instituto Francisco Suárez  |c 1983 
650 7 |a CONCILIOS Y SINODOS  |2 CL-VaPUC  |9 394197 
650 7 |a HISTORIA ECLESIASTICA  |2 CL-VaPUC  |9 394198 
650 7 |a DERECHO CANONICO  |2 CL-VaPUC  |9 394199 
650 0 |a Derecho eclesiástico  |9 255055 
650 0 |a Derechos y priviliegios  |9 338404 
650 0 |a Obligaciones   |9 255578 
650 0 |a Derecho privado  |9 258243 
651 0 |a Santiago  |9 265444 
651 7 |a CHILE  |2 CL-VaPUC  |9 394200 
583 |a last modification  |c 19971113 00:00:00  |k Rodrigo Vera 
490 0 |a Tierra Nueva e Cielo Nuevo, 9. Sínodos Americanos, 2 
999 |c 263178  |d 263176 
952 |0 0  |1 0  |4 0  |6 262_400000000000000_CAR_1983  |7 0  |8 DER_HDC  |9 292303  |a BIBDER  |b BIBDER  |d 2019-11-19  |i 1900447  |l 1  |o 262.4 CAR 1983  |p 1900447  |r 2023-01-25  |s 2020-03-19  |w 2019-11-19  |x Ubicación 4to Piso  |y BK  |z Estos recursos deben solicitarse con anticipación  |k DER